000 00662nam a22001697a 4500
005 20240625122608.0
008 240621b mx ||||| |||| 00| 0 spa d
050 0 4 _aHA761
_bB65 1873
245 0 0 _aBoletín de la sociedad de geografía y estadística de la republica mexicana
250 _a1a ed.
260 _aMéxico :
_bImprenta de Diaz de León y White,
_c1873-
300 _atomos ;
_c23 cm.
505 _tTomo I: Tercera época--
_tTomo III: Enero a diciembre de 1907.
610 7 _2lemb
_aSociedad Michoacana de Geografía y Estadística
_vPublicaciones periódicas
650 7 _2lemb
_aDemografía
_xEstadísticas
_zMéxico
_y1873
942 _2lcc
_cLIB
999 _c170455
_d170453